ბათუმის შოთა რუსთაველის სახელმწიფო უნივერსიტეტის ბიბლიოთეკა

კონსულტირება ნივთიერებათა ავადმოხმარებისას / (ბიბ.ჩანაწერი № 55620)

000 -ლიდერი
ფიქსირებული სიგრძის საკონტროლო ველი 02211nam a2200337Ia 4500
001 - საკონტროლო ნომერი
საკონტროლო ველი 22715
003 - საკონტროლო ნომრის იდენტიფიკატორი
საკონტროლო ველი GE_BSU
005 - ბოლო ოპერაციის თარიღი და დრო
საკონტროლო ველი 20230425174627.0
008 - ფიქსირებული სიგრძის მონაცემთა ელემენტები - ზოგადი ინფორმაცია
ფიქსირებული სიგრძის საკონტროლო ველი 181216s ||||ge |||||||||||||| ||geo||
020 ## - წიგნის საერთაშორისო სტანდარტული ნომერი
International Standard Book Number 9789941182655
040 ## - კატალოგიზაციის წყარო
Transcribing agency GE_BSU
041 ## - ენის კოდი
Language code of text/sound track or separate title geo
080 ## - უნივერსალური ათობითი კლასიფიკაციის ინდექსი
Universal Decimal Classification number 613.83 ლ-89
100 ## - მთავარი ჩანაწერი - პიროვნების სახელი
Personal name ლუისი, ჯუდით
9 (RLIN) 17785
245 ## - ცნობა სათაურის შესახებ
Title კონსულტირება ნივთიერებათა ავადმოხმარებისას /
Statement of responsibility, etc ჯუდით ა. ლუისი, რობერტ ქ. დანა, გრეგორი ა. ბლევინსი ; მთარგმნელი ნინო ბარძიმიშვილი ; რედაქტორი ნინო აღდგომელაშვილი.
250 ## - გამოცემის ცნობა
Edition statement მე-5 გამოცემა
264 ## - წარმოების, გამოცემის, დისტრიბუციის და სხვა ცნობები
გამოცემის, წარმოების, დისტრიბუციის... ადგილი თბილისი :
გამოცემის, წარმოების, დისტრიბუციის... სახელწოდება ილიას სახელმწ. უნ-ტის გამ-ბა,
გამოცემის, წარმოების, დისტრიბუციის... თარიღი 2017.
300 ## - ფიზიკური აღწერა
Extent xvi, 309 გვ. ;
Dimensions 25 სმ.
500 ## - ზოგადი შენიშვნა
General note გამოცემა დაფინანსებულია ევროკომისიის მიერ TEMPUS-ის დაფინანსების მექანიზმის გამოყენებით
520 ## - SUMMARY, ETC.
Summary, etc გამოცემა დაფინანსებულია ევროკომისიის მიერ TEMPUS-ის დაფინანსების მექანიზმის გამოყენებით.
653 ## - INDEX TERM--UNCONTROLLED
Uncontrolled term კონსულტირება ნივთიერებათა ავადმოხმარებისას
653 ## - INDEX TERM--UNCONTROLLED
Uncontrolled term მედიცინა
653 ## - INDEX TERM--UNCONTROLLED
Uncontrolled term ნარკომანია
653 ## - INDEX TERM--UNCONTROLLED
Uncontrolled term ალკოჰოლიზმი
700 ## - ADDED ENTRY--PERSONAL NAME
Personal name დანა, რობერტ ქ.
Relator term ავტორი
9 (RLIN) 17786
700 ## - ADDED ENTRY--PERSONAL NAME
Personal name ბლევინსი, გრეგორი ა.
Relator term ავტორი
9 (RLIN) 17787
700 ## - ADDED ENTRY--PERSONAL NAME
Personal name ბარძიმიშვილი, ნინო
Relator term მთარგმნელი
9 (RLIN) 47
700 ## - ADDED ENTRY--PERSONAL NAME
Personal name აღდგომელაშვილი, ნინო
Relator term რედაქტორი
9 (RLIN) 12661
942 ## - ADDED ENTRY ELEMENTS (KOHA)
Koha item type წიგნი
Source of classification or shelving scheme
ეგზემპლარები
ჩამოწერის სტატუსი დაკარგული ეგზემპლარის სტატუსი კლასიფიკაციის წყარო ან თაროზე გაწყობის სქემა დაზიანების სტატუსი არ გაიცემა მუდმივი მდებარეობა (დაცვის ადგილი) ამჟამინდელი ადგილსამყოფელი თაროზე განთავსების ადგილი შეძენის თარიღი ღირებულება, შესყიდვის ნორმალური ფასი სრული შენახვის შიფრი შტრიხკოდი ბოლო ოპერაციის თარიღი ეგზემპლარის მიმდევრობითი ნომერი (კეტერი?) ფასის ძალაში შესვლის თარიღი ეგზემპლარის სახეობა საჯარო შენიშვნა
          ბათუმის შოთა რუსთაველის სახელმწიფო უნივერსიტეტის მთავარი ბიბლიოთეკა ბათუმის შოთა რუსთაველის სახელმწიფო უნივერსიტეტის მთავარი ბიბლიოთეკა წიგნსაცავი 2018-12-17 20.00 613.83 ლ-89 58143 2018-12-17 58143 2018-12-17 წიგნი 20.00 ₾.
          ბათუმის შოთა რუსთაველის სახელმწიფო უნივერსიტეტის მთავარი ბიბლიოთეკა ბათუმის შოთა რუსთაველის სახელმწიფო უნივერსიტეტის მთავარი ბიბლიოთეკა წიგნსაცავი 2018-12-17 20.00 613.83 ლ-89 58144 2018-12-17 58143 2018-12-17 წიგნი 20.00 ₾.
          ბათუმის შოთა რუსთაველის სახელმწიფო უნივერსიტეტის მთავარი ბიბლიოთეკა ბათუმის შოთა რუსთაველის სახელმწიფო უნივერსიტეტის მთავარი ბიბლიოთეკა წიგნის კალათა 2018-12-17 20.00 613.83 ლ-89 58145 2018-12-17 58145 2018-12-17 წიგნი 20.00 ₾.
          ბათუმის შოთა რუსთაველის სახელმწიფო უნივერსიტეტის მთავარი ბიბლიოთეკა ბათუმის შოთა რუსთაველის სახელმწიფო უნივერსიტეტის მთავარი ბიბლიოთეკა წიგნსაცავი 2018-12-17 20.00 613.83 ლ-89 58146 2018-12-17 58146 2018-12-17 წიგნი 20.00 ₾.
          ბათუმის შოთა რუსთაველის სახელმწიფო უნივერსიტეტის მთავარი ბიბლიოთეკა ბათუმის შოთა რუსთაველის სახელმწიფო უნივერსიტეტის მთავარი ბიბლიოთეკა წიგნსაცავი 2018-12-17 20.00 613.83 ლ-89 58147 2018-12-17 58147 2018-12-17 წიგნი 20.00 ₾.